Automatizácia aplikácií Microsoft Office 2007

Prezentácia postupu externej riadenej automatizácie aplikácie Microsoft Word 2007, ktorý ozrejmuje základné princípy, na ktorých je automatizácia kancelárských aplikácií založená.

Salvato in:
Dettagli Bibliografici
Autore principale: Hanák, Ján
Natura: Capitolo di libro
Lingua:slovacco
Soggetti:
Tags: Aggiungi Tag
Nessun Tag, puoi essere il primo ad aggiungerne!!

MARC

LEADER 00000naa$a2200000$$$4500
001 0075456
005 20240502071902.6
041 0 |a slo 
044 |a SK 
245 1 0 |a Automatizácia aplikácií Microsoft Office 2007  |c Ján Hanák 
520 |a Prezentácia postupu externej riadenej automatizácie aplikácie Microsoft Word 2007, ktorý ozrejmuje základné princípy, na ktorých je automatizácia kancelárských aplikácií založená. 
610 2 0 |a automatizácia 
610 2 0 |a systémy informačné 
610 2 0 |a programy počítačové 
610 2 0 |a technológie informačné 
610 2 0 |a servery 
610 2 0 |a softvér 
100 1 |a Hanák, Ján